Archivácia dokumentov v cvičnej firme

Budovanie informačného systému v podmienkach cvičných firiem v stredných odborných školách. Súčasť informačného systému firmy - systém informácií registratúrneho charakteru a systém archívnych informácií. Organizačné zaradenie správy registratúry, registratúrny poriadok, registratúrny plán.

Salvato in:
Dettagli Bibliografici
Autore principale: Sehnalová, Judita
Natura: Capitolo di libro
Lingua:slovacco
Soggetti:
Tags: Aggiungi Tag
Nessun Tag, puoi essere il primo ad aggiungerne!!

MARC

LEADER 00000naa$a2200000$$$4500
001 0068505
005 20130130122645.0
041 0 |a slo 
044 |a SK 
245 1 0 |a Archivácia dokumentov v cvičnej firme  |c Judita Sehnalová 
520 |a Budovanie informačného systému v podmienkach cvičných firiem v stredných odborných školách. Súčasť informačného systému firmy - systém informácií registratúrneho charakteru a systém archívnych informácií. Organizačné zaradenie správy registratúry, registratúrny poriadok, registratúrny plán. 
610 2 0 |a firmy cvičné 
610 2 0 |a archívy 
610 2 0 |a dokumenty 
610 2 0 |a systémy informačné 
610 2 0 |a školy stredné odborné 
610 2 0 |a registre 
100 1 |a Sehnalová, Judita